01049nam a22002297a 45000010005000000030006000050050017000110080041000280200018000690400029000870500010001161000023001262450082001492500029002312600054002603000050003145050008003645200379003725210020007515210020007716500028007913343FISKH20260325111016.0240228b cb ||||| |||| 00| 0 eng d a9789814281355 aFISKHbengcFISKHdFISKH a398.2 aRandell, Beverley  aThe strange shoe /cRetold by Beverley Randell ; illustrated by Pat Reynolds  aFirst published in 2000  aSouth Melbourne : bNelson Price Milburn , c2000 a32 pages : bcolor illustrations ; c22 cm .  aK  aAs in all fables there is a moral: 'It is difficult to take in ideas, however valid, that are well beyond our experience.' Children who read this traditional tale should be able to appreciate the animals' puzzlement, and look at themselves in a new way. The fable has been retold from 'Short Stories About Animals', London 1882. Set in an Indian jungle in the mythical past.8 a510 bLexile 8 aK bRaz-Plus  astrange shoevFolktale